Cómo preparar y organizar unas colonias escolares
Guardat en:
| Autors principals: | , , , |
|---|---|
| Format: | Llibre |
| Idioma: | espanyol |
| Publicat: |
Barcelona
Paidotribo
1992
|
| Col·lecció: | Colección Pedagogías Corporales
|
| Matèries: | |
| Etiquetes: |
Afegir etiqueta
Sense etiquetes, Sigues el primer a etiquetar aquest registre!
|
MARC
| LEADER | 00000nam a2200000 a 4500 | ||
|---|---|---|---|
| 001 | UCP3333 | ||
| 003 | CL-VaPUC | ||
| 008 | 990618e19920000SP |||||||||||||||||spa|d | ||
| 082 | 0 | 4 | |a 371.89 |b MOR |2 21 |
| 100 | |a More, Toni |e autor |9 430588 | ||
| 700 | 0 | |a Solé, Ramón |e author |9 430589 | |
| 700 | 0 | |a Sánchez, Josep |e author |9 430590 | |
| 700 | 0 | |a Miró, Jaume |e author |9 430591 | |
| 245 | 1 | 0 | |a Cómo preparar y organizar unas colonias escolares |
| 300 | |a 268 p | ||
| 942 | |c BK | ||
| 945 | |d 19990618 00:00:00 |a rbrito | ||
| 260 | |a Barcelona |b Paidotribo |c 1992 | ||
| 650 | 7 | |a COLONIAS ESCOLARES |2 CL-VaPUC |9 430592 | |
| 650 | 0 | |a Vacaciones |9 548460 | |
| 650 | 0 | |a Vida al aire libre |9 308206 | |
| 650 | 0 | |a Métodos de enseñanza |9 270413 | |
| 583 | |a last modification |c 20170911 03:43:31 |k Rodrigo Vera | ||
| 490 | 0 | |a Colección Pedagogías Corporales | |
| 999 | |c 281699 |d 281697 | ||
| 952 | |0 0 |1 0 |4 0 |6 371_890000000000000_MOR_1992 |7 0 |8 P |9 322633 |a BIBEDU |b BIBEDU |c BIBEDU_PB |d 2019-11-20 |i 3531317 |o 371.89 MOR 1992 |p 3531317 |r 2024-01-25 |w 2019-11-20 |y BK |k EFI | ||
| 952 | |0 0 |1 0 |4 0 |6 371_890000000000000_MOR_1992 |7 0 |8 P |9 322634 |a BIBEDU |b BIBEDU |c BIBEDU_PB |d 2019-11-20 |i 2809966 |o 371.89 MOR 1992 |p 2809966 |r 2024-01-25 |w 2019-11-20 |y BK |k EDU | ||